[Event "Sochi"]
[Site "Sochi"]
[Date "1986.??.??"]
[Round "5"]
[White "Smyslov, Vassily"]
[Black "Vaganian, Rafael A"]
[Result "1/2-1/2"]
[WhiteElo "2555"]
[BlackElo "2600"]
[PlyCount "84"]
[EventDate "1986.09.??"]
[Source "ChessBase"]

1. d4 Nf6 2. Nf3 g6 3. g3 c5 4. c4 Bg7 5. Bg2 Qa5+ 6. Qd2 Nc6 7. Qxa5 Nxa5 8. dxc5 Ne4 9. Na3 Nxc5 10. Rb1 Nc6 11. b3 d6 12. Bb2 O-O 13. Bxg7 Kxg7 14. O-O Be6 15. Nb5 Rfc8 16. Nfd4 Bd7 17. e3 Rab8 18. Nc3 Kf8 19. Rfd1 a6 20. Rbc1 Nb4 21. Bf1 Ne6 22. Nxe6+ Bxe6 23. a3 Nc6 24. Nd5 Ne5 25. f4 Bxd5 26. Rxd5 Ng4 27. Bh3 h5 28. Bxg4 hxg4 29. f5 gxf5 30. Rxf5 b5 31. c5 f6 32. b4 Kf7 33. Rf4 Rb7 34. Rxg4 Rbc7 35. a4 dxc5 36. axb5 axb5 37. bxc5 Rxc5 38. Rxc5 Rxc5 39. Rb4 Ke6 40. h4 Kd6 41. g4 Rc1+ 42. Kg2 Kc5 1/2-1/2

[Event "Cannes"]
[Site "Cannes"]
[Date "1999.??.??"]
[Round "5"]
[White "Djuric, Stefan"]
[Black "Tkachiev, Vladislav"]
[Result "1/2-1/2"]
[WhiteElo "2517"]
[BlackElo "2634"]
[PlyCount "82"]
[EventDate "1999.02.??"]
[Source "www.chesslib.no"]
[SourceDate "2004.05.04"]

1. Nf3 Nf6 2. c4 g6 3. g3 Bg7 4. Bg2 d6 5. O-O O-O 6. d4 Nc6 7. d5 Na5 8. Nbd2 c5 9. a3 b5 10. cxb5 Bd7 11. a4 a6 12. e4 axb5 13. axb5 Bxb5 14. Re1 Nc4 15. Rxa8 Qxa8 16. Nxc4 Bxc4 17. b3 Bb5 18. h3 Nd7 19. Bf4 Bc3 20. Bd2 Qa5 21. Bxc3 Qxc3 22. Re3 Qb2 23. Qd2 Qxd2 24. Nxd2 Ra8 25. f4 Ra1+ 26. Bf1 Nb6 27. Kf2 Bxf1 28. Nxf1 f5 29. exf5 Nxd5 30. Rd3 Nb4 31. Rd2 gxf5 32. Ne3 Ra2 33. Rxa2 Nxa2 34. Nxf5 Kf7 35. Ke3 Nc1 36. b4 cxb4 37. Nd4 b3 38. Kd2 b2 39. Kc2 e5 40. fxe5 dxe5 41. Nf3 Ne2 1/2-1/2

[Event "Boskovic mem"]
[Site "Belgrade"]
[Date "2000.10.09"]
[Round "6"]
[White "Romanishin, Oleg M"]
[Black "Damljanovic, Branko"]
[Result "1/2-1/2"]
[WhiteElo "2591"]
[BlackElo "2559"]
[PlyCount "69"]
[EventDate "2000.10.03"]
[Source "ChessBase"]
[SourceDate "2001.01.25"]

1. Nf3 Nf6 2. c4 g6 3. g3 Bg7 4. Bg2 O-O 5. d4 d6 6. O-O Nbd7 7. d5 Nb6 8. Na3 Bd7 9. Nd4 Qc8 10. Re1 c6 11. dxc6 bxc6 12. Qc2 c5 13. Ndb5 Bc6 14. e4 Ng4 15. Rb1 a6 16. Nc3 Bd4 17. Re2 e5 18. h3 Nf6 19. Bh6 Re8 20. Kh2 Kh8 21. b3 Ng8 22. Be3 f5 23. Nd5 Nxd5 24. cxd5 Bb5 25. Nc4 Bxc4 26. bxc4 fxe4 27. Bxe4 Rb8 28. Bxd4 exd4 29. Rbe1 Nf6 30. Bd3 Rxe2 31. Qxe2 Qf8 32. Qf3 Kg7 33. Kg2 Re8 34. Rb1 Rb8 35. Re1 1/2-1/2

[Event "4. IECC"]
[Site "?"]
[Date "2003.06.07"]
[Round "8"]
[White "Kurajica Bojan"]
[Black "Kotronias Vasilios"]
[Result "1/2-1/2"]
[WhiteElo "2551"]
[BlackElo "2597"]
[PlyCount "112"]
[EventDate "2003.??.??"]
[Source "www.chesslib.no"]
[SourceDate "2004.05.04"]

1. d4 Nf6 2. Nf3 g6 3. g3 Bg7 4. Bg2 O-O 5. O-O d6 6. b3 c5 7. c4 Ne4 8. Bb2 Nc6 9. e3 Bg4 10. Qc1 d5 11. cxd5 Bxf3 12. Bxf3 Qxd5 13. Qc2 f5 14. Nc3 Qf7 15. Bxe4 fxe4 16. dxc5 Ne5 17. Nxe4 Nf3+ 18. Kg2 Bxb2 19. Qxb2 Nh4+ 20. gxh4 Qf3+ 21. Kg1 Qxe4 22. Qd4 Qf3 23. Rad1 Rf5 24. Rd3 Rxc5 25. e4 Qh5 26. b4 Rc7 27. Qd5+ Qxd5 28. exd5 Rf8 29. Rd4 Rf3 30. a4 Kf7 31. Kg2 Rfc3 32. Re1 R3c4 33. Ree4 Rxd4 34. Rxd4 b6 35. f3 Kf6 36. d6 exd6 37. Rxd6+ Ke7 38. Rd4 a6 39. h5 Rc3 40. hxg6 hxg6 41. b5 axb5 42. axb5 Rb3 43. Rd5 Ke6 44. Rg5 Kf6 45. h4 Rb1 46. f4 Rb3 47. h5 gxh5 48. Rxh5 Ke6 49. Kf2 Kf6 50. Ke2 Ke6 51. Rh6+ Kf5 52. Rxb6 Kxf4 53. Kd2 Ke5 54. Kc2 Rh3 55. Rc6 Kd5 56. Rc8 Kd6 1/2-1/2

[Event "jub30-B corr9196"]
[Site "Finland"]
[Date "1991.??.??"]
[Round "?"]
[White "Redolfi, Rudolfo A"]
[Black "Kujala, Auvo"]
[Result "1/2-1/2"]
[WhiteElo "2500"]
[BlackElo "2645"]
[PlyCount "56"]
[EventDate "1991.??.??"]
[Source "www.chesslib.no"]
[SourceDate "2004.05.04"]

1. Nf3 Nf6 2. c4 g6 3. b3 Bg7 4. Bb2 O-O 5. g3 d6 6. d4 Nbd7 7. Qc2 c6 8. Bg2 e5 9. Nc3 Re8 10. e3 Nf8 11. dxe5 dxe5 12. Rd1 Qa5 13. O-O Bf5 14. e4 Bg4 15. h3 Bxf3 16. Bxf3 Ne6 17. Ne2 Rad8 18. Bg2 Qc7 19. Rxd8 Rxd8 20. Rd1 Nd7 21. h4 Qb6 22. Bc3 Nd4 23. Bxd4 exd4 24. Nf4 Ne5 25. Nd3 Qa5 26. Nxe5 Bxe5 27. Bf1 Bf6 28. Bd3 Be7 1/2-1/2

[Event "Lvov zt"]
[Site "Lvov"]
[Date "1978.??.??"]
[Round "9"]
[White "Balashov, Yuri S"]
[Black "Kochyev, Alexander"]
[Result "0-1"]
[WhiteElo "2590"]
[BlackElo "2555"]
[PlyCount "56"]
[EventDate "1978.04.??"]
[Source "ChessBase"]

1. Nf3 Nf6 2. c4 g6 3. b3 Bg7 4. Bb2 O-O 5. g3 d6 6. d4 Nbd7 7. Bg2 e5 8. dxe5 dxe5 9. O-O e4 10. Ne1 Qe7 11. Nc2 Rd8 12. Nc3 Nc5 13. Qc1 c6 14. Ne3 a5 15. Rd1 Rxd1+ 16. Qxd1 Ng4 17. Qd2 a4 18. b4 Nxe3 19. Qxe3 a3 20. Nd5 cxd5 21. Bxg7 Kxg7 22. bxc5 dxc4 23. Rc1 Bf5 24. Rxc4 Qe5 25. Rc3 Qd5 26. g4 Bxg4 27. Rxa3 Qd1+ 28. Bf1 Bxe2 0-1

[Event "32. Chess Olympiad,"]
[Site "32nd Chess Olympiad,"]
[Date "1996.??.??"]
[Round "9"]
[White "Huebner, Robert"]
[Black "Damljanovic, Branko"]
[Result "1/2-1/2"]
[WhiteElo "2635"]
[BlackElo "2510"]
[PlyCount "81"]
[EventDate "1996.??.??"]
[Source "www.chesslib.no"]
[SourceDate "2004.05.04"]

1. d4 Nf6 2. Nf3 g6 3. g3 Bg7 4. Bg2 O-O 5. c4 d6 6. O-O c6 7. b3 e5 8. dxe5 dxe5 9. Ba3 Qxd1 10. Rxd1 Re8 11. Nc3 Na6 12. Rac1 Bg4 13. h3 Bxf3 14. exf3 Rad8 15. Ne2 h5 16. h4 Bh6 17. Rb1 Bf8 18. Bb2 Rxd1+ 19. Rxd1 Nc5 20. Bh3 Bg7 21. Bc1 e4 22. fxe4 Ncxe4 23. Be3 a6 24. Bb6 Bf8 25. Nf4 Bc5 26. Bxc5 Nxc5 27. b4 Na4 28. a3 Kg7 29. Bf1 a5 30. Rb1 axb4 31. axb4 Nd5 32. Ra1 Kg8 33. Bg2 Nab6 34. Rd1 Nd7 35. Rc1 Ne7 36. Nxg6 Rb8 37. f3 f6 38. c5 Kf7 39. f4 Ng8 40. f5 b6 41. Bf3 1/2-1/2

[Event "Sochi"]
[Site "?"]
[Date "1997.??.??"]
[Round "?"]
[White "Kharitonov, A."]
[Black "Fedorov, A."]
[Result "1-0"]
[WhiteElo "2540"]
[BlackElo "2600"]
[PlyCount "92"]
[EventDate "1997.??.??"]
[Source "ChessBase"]
[SourceDate "1997.06.01"]

1. Nf3 g6 2. d4 Bg7 3. c4 Nf6 4. g3 O-O 5. Bg2 c5 6. O-O Nc6 7. d5 Na5 8. Nfd2 d6 9. a3 Nd7 10. Ra2 Ne5 11. b3 Rb8 12. a4 a6 13. Na3 e6 14. Bb2 exd5 15. cxd5 f5 16. f4 Ng4 17. Bxg7 Kxg7 18. Qa1+ Kg8 19. Bf3 Ne3 20. Rb1 Bd7 21. Qc3 Re8 22. Nc2 Nxc2 23. Rxc2 b5 24. axb5 Rxb5 25. e4 Qb8 26. Ra2 c4 27. b4 Nb3 28. Nxc4 fxe4 29. Be2 Nc5 30. Nxd6 Nd3 31. Bxd3 Qxd6 32. Bxb5 Bxb5 33. Qc5 Qd7 34. Re1 Rc8 35. Qd4 Bd3 36. Rd2 Qb5 37. d6 Rc4 38. Rxd3 exd3 39. Re8+ Qxe8 40. Qxc4+ Kf8 41. Qxd3 Qe1+ 42. Kg2 Ke8 43. Qxa6 Qe4+ 44. Kf2 Qd4+ 45. Kf3 Qd5+ 46. Ke3 Qb3+ 1-0

[Event "Serpukhov (Russia)"]
[Site "?"]
[Date "2002.??.??"]
[Round "7"]
[White "Tahirov Farhad"]
[Black "Inarkiev Ernesto"]
[Result "0-1"]
[WhiteElo "2571"]
[BlackElo "2566"]
[PlyCount "55"]
[EventDate "2002.??.??"]
[Source "www.chesslib.no"]
[SourceDate "2004.05.04"]

1. d4 Nf6 2. Nf3 g6 3. g3 Bg7 4. Bg2 O-O 5. c4 d6 6. O-O Nc6 7. d5 Na5 8. Nbd2 c5 9. e4 Bd7 10. Re1 Rb8 11. h3 e5 12. dxe6 Bxe6 13. Qc2 Nd7 14. Rb1 Nc6 15. a3 Qc8 16. b3 Nde5 17. Kh2 b5 18. Nxe5 Nd4 19. Qc3 Bxe5 20. f4 Bg7 21. e5 dxe5 22. fxe5 Qc7 23. cxb5 Rxb5 24. Nc4 Rfb8 25. Bf4 Rxb3 26. Rxb3 Rxb3 27. Qc1 h6 28. h4 0-1

[Event "Ardid mem 10th op"]
[Site "Zaragoza"]
[Date "1998.??.??"]
[Round "6"]
[White "Romanishin, Oleg M"]
[Black "Strikovic, Aleksa"]
[Result "1/2-1/2"]
[WhiteElo "2570"]
[BlackElo "2565"]
[PlyCount "57"]
[EventDate "1998.??.??"]
[Source "www.chesslib.no"]
[SourceDate "2004.05.04"]

1. d4 Nf6 2. Nf3 g6 3. g3 Bg7 4. Bg2 O-O 5. c4 d6 6. O-O Nbd7 7. d5 Nb6 8. Na3 e5 9. dxe6 Bxe6 10. Nd4 Bc8 11. Ndb5 Nfd7 12. Qc2 Ne5 13. Bf4 a6 14. Nd4 c5 15. Nf3 Bf5 16. Qb3 Rb8 17. Rad1 Qc7 18. Nxe5 dxe5 19. Bd2 Nc8 20. Nc2 Ne7 21. Ne3 Be6 22. Qa3 Rbd8 23. b4 f5 24. bxc5 Nc6 25. Nd5 Qf7 26. Ba5 Nxa5 27. Qxa5 e4 28. f3 Bxd5 29. cxd5 1/2-1/2

[Event "Capablanca mem Elite"]
[Site "Havana"]
[Date "1999.05.15"]
[Round "8"]
[White "Comas Fabrego, Luis"]
[Black "Atalik, Suat"]
[Result "1/2-1/2"]
[WhiteElo "2541"]
[BlackElo "2593"]
[PlyCount "42"]
[EventDate "1999.05.??"]
[Source "ChessBase"]
[SourceDate "1999.08.01"]

1. b3 g6 2. Bb2 Nf6 3. c4 Bg7 4. Nf3 O-O 5. g3 d6 6. d4 Bf5 7. Bg2 Qc8 8. h3 c5 9. Nc3 Nc6 10. d5 Nb4 11. Kf1 Na6 12. Kg1 Nc7 13. Nd2 b5 14. cxb5 Rb8 15. a4 a6 16. bxa6 Qxa6 17. g4 Bc8 18. Rb1 Qb6 19. Ba1 Ba6 20. Qc2 Nd7 21. Kh2 Ne5 1/2-1/2

[Event "Krasnodar"]
[Site "Krasnodar"]
[Date "2000.??.??"]
[Round "9"]
[White "Malaniuk, Vladimir P"]
[Black "Tseshkovsky, Vitaly"]
[Result "1-0"]
[WhiteElo "2572"]
[BlackElo "2558"]
[PlyCount "60"]
[EventDate "2000.??.??"]
[Source "www.chesslib.no"]
[SourceDate "2004.05.04"]

1. d4 Nf6 2. Nf3 g6 3. g3 Bg7 4. Bg2 O-O 5. O-O d6 6. c4 c5 7. d5 e6 8. dxe6 Bxe6 9. Ng5 Bc8 10. Nc3 Nc6 11. Bf4 Nd4 12. Rc1 h6 13. Nf3 g5 14. Be3 Nf5 15. Bd2 a6 16. e4 Ne7 17. h4 g4 18. Ne1 Nc6 19. Bf4 Be6 20. Bxd6 Re8 21. b3 Nd7 22. Nd5 Rc8 23. Nd3 Bd4 24. N5f4 Nde5 25. Bxc5 Nxd3 26. Nxd3 Bg7 27. Nf4 Qa5 28. Be3 Ne5 29. Qe2 b5 30. c5 b4 1-0

[Event "Moscow ol (Men)"]
[Site "Moscow"]
[Date "1994.??.??"]
[Round "7"]
[White "Kurajica, Bojan"]
[Black "Van der Wiel, John TH"]
[Result "1/2-1/2"]
[WhiteElo "2565"]
[BlackElo "2555"]
[PlyCount "166"]
[EventDate "1994.11.??"]
[Source "ChessBase"]

1. d4 Nf6 2. Nf3 g6 3. g3 Bg7 4. Bg2 O-O 5. O-O d6 6. c4 Nc6 7. d5 Na5 8. Nbd2 c5 9. e4 a6 10. Rb1 b5 11. b3 e5 12. Ne1 Rb8 13. Qc2 Ng4 14. h3 Nh6 15. Nd3 bxc4 16. bxc4 Rxb1 17. Nxb1 f5 18. Nd2 fxe4 19. Nxe4 Nf5 20. Bd2 Bd7 21. Qc3 Nb7 22. Qa3 Qb6 23. Kh2 a5 24. Bc3 a4 25. Ng5 Na5 26. Nb2 Nd4 27. Ne6 Nxe6 28. dxe6 Bxe6 29. Qxa4 e4 30. Bxg7 Kxg7 31. Qc2 Qb4 32. Rd1 Nxc4 33. Nxc4 Qxc4 34. Qb2+ Kg8 35. Rxd6 Qxa2 36. Qe5 Bb3 37. Rd7 Bf7 38. Qxc5 Qe6 39. Re7 Qf5 40. Qd4 Re8 41. Rxe8+ Bxe8 42. Bxe4 Qd7 43. Bd5+ Bf7 44. Bxf7+ Qxf7 45. g4 h6 46. Kg3 Qe6 47. Qe3 Qd6+ 48. Qf4 Qd3+ 49. Kh2 Kg7 50. Qe5+ Kg8 51. Kg2 Qd1 52. Qe6+ Kg7 53. h4 Qd4 54. Qe7+ Kg8 55. Kg3 Qd1 56. h5 gxh5 57. Qe8+ Kg7 58. Qe5+ Kh7 59. gxh5 Qg1+ 60. Kf3 Qd1+ 61. Kf4 Qc1+ 62. Kg4 Qd1+ 63. f3 Qg1+ 64. Kf5 Qg5+ 65. Ke4 Qh4+ 66. Kd3 Qd8+ 67. Ke3 Qf8 68. f4 Qf7 69. Kd4 Qa7+ 70. Ke4 Qb7+ 71. Qd5 Qe7+ 72. Kf3 Qf8 73. Qd7+ Kh8 74. Qe6 Qa8+ 75. Kg4 Qg2+ 76. Kf5 Qh3+ 77. Kf6 Qh4+ 78. Ke5 Qxh5+ 79. f5 Kg7 80. Qf6+ Kg8 81. Qe6+ Kf8 82. Qf6+ Kg8 83. Kd6 Qh2+ 1/2-1/2

[Event "Bayern-ch Bank Hofmann 4th"]
[Site "Bad Wiessee"]
[Date "2000.11.04"]
[Round "8"]
[White "Gutman, Lev"]
[Black "Lerner, Konstantin Z"]
[Result "0-1"]
[WhiteElo "2533"]
[BlackElo "2583"]
[PlyCount "98"]
[EventDate "2000.10.28"]
[Source "www.chesslib.no"]
[SourceDate "2004.05.04"]

1. Nf3 g6 2. g3 Bg7 3. d4 Nf6 4. Bg2 O-O 5. O-O d6 6. c4 Nbd7 7. d5 Nc5 8. Be3 e6 9. Nc3 Re8 10. Rc1 exd5 11. cxd5 Rxe3 12. fxe3 Ng4 13. Qd2 Bh6 14. Nd1 Qe7 15. b4 Ne4 16. Qd3 Bf5 17. Qa3 Nef6 18. Kh1 Nxd5 19. Nh4 Be4 20. Rc4 Bxg2+ 21. Nxg2 Ndxe3 22. Ndxe3 Nxe3 23. Nxe3 Bxe3 24. b5 Qe5 25. Rf3 Bb6 26. Qd3 d5 27. Rcf4 Rf8 28. a4 c6 29. bxc6 bxc6 30. Kg2 Kg7 31. Qd2 f6 32. a5 Bc5 33. Qc2 Qe7 34. Rc3 Bd6 35. Rff3 c5 36. Rb3 c4 37. Rb5 Bc5 38. Qd2 a6 39. Rb1 Rd8 40. Qb2 d4 41. Rbf1 Qe4 42. Rc1 c3 43. Qc2 d3 44. exd3 Qe5 45. Rf4 Qd5+ 46. Rf3 Re8 47. Qd1 Bd4 48. Kh3 h5 49. Qa4 Re2 0-1

[Event "It (Open) Graz AUT"]
[Site "?"]
[Date "2005.09.06"]
[Round "4"]
[White "Shengelia Davit"]
[Black "Stanec Nikolaus"]
[Result "1-0"]
[WhiteElo "2547"]
[BlackElo "2568"]
[PlyCount "53"]
[EventDate "2005.??.??"]
[Source "www.chesslib.no"]
[SourceDate "2004.05.04"]

1. Nf3 Nf6 2. b3 g6 3. Bb2 Bg7 4. c4 O-O 5. g3 c5 6. Bg2 Nc6 7. O-O d6 8. d4 cxd4 9. Nxd4 Bd7 10. Nc3 Nxd4 11. Qxd4 Bc6 12. Nd5 Bxd5 13. Bxd5 Ne8 14. Qd2 Bxb2 15. Qxb2 Qc7 16. Qd4 Ng7 17. h4 Nf5 18. Qf4 Ng7 19. Kg2 Rab8 20. h5 Nxh5 21. Qh6 Qc5 22. g4 Nf6 23. Rh1 Kh8 24. g5 Nh5 25. Rxh5 gxh5 26. Be4 f5 27. g6 1-0

[Event "7th Open"]
[Site "Korinthos"]
[Date "2004.07.29"]
[Round "9"]
[White "Jeremic, Veljko"]
[Black "Kotronias, Vasilios"]
[Result "1/2-1/2"]
[WhiteElo "2503"]
[BlackElo "2608"]
[PlyCount "133"]
[EventDate "2004.07.22"]
[Source "Roberto Alvarez"]
[SourceDate "2004.08.10"]

1. d4 Nf6 2. Nf3 g6 3. g3 Bg7 4. Bg2 O-O 5. O-O d6 6. b3 c5 7. c4 Ne4 8. Bb2 Nc6 9. e3 e5 10. dxe5 dxe5 11. Nfd2 Nxd2 12. Qxd2 Bg4 13. h3 Be6 14. Rd1 Qc8 15. Kh2 Rd8 16. Qe2 Rxd1 17. Qxd1 f5 18. Qd6 Qd7 19. Qxd7 Bxd7 20. Nc3 e4 21. Rd1 Be8 22. f3 exf3 23. Bxf3 Rd8 24. Rxd8 Nxd8 25. Nd1 Bxb2 26. Nxb2 Kf7 27. Nd3 b6 28. g4 fxg4 29. hxg4 Kf6 30. Kg3 Nf7 31. Bd5 g5 32. a3 h6 33. Nf2 Ne5 34. Ne4+ Ke7 35. Nf2 Bd7 36. Bg8 Bc6 37. Bh7 Bf3 38. Bc2 Be2 39. Bf5 Kd8 40. Bc2 Kc7 41. Bf5 a6 42. a4 b5 43. axb5 axb5 44. cxb5 Bxb5 45. Ne4 Kb6 46. Nf6 Ka5 47. Ng8 Kb4 48. Be6 Bd7 49. Bf5 Bxf5 50. gxf5 h5 51. Ne7 Kxb3 52. f6 c4 53. Nc6 Nd7 54. f7 c3 55. e4 c2 56. Nd4+ Kc3 57. Ne2+ Kd2 58. Kf2 c1=Q 59. Nxc1 Kxc1 60. e5 Nf8 61. Kf3 Kd2 62. Ke4 h4 63. Kf5 h3 64. e6 Nxe6 65. Kxe6 h2 66. f8=Q h1=Q 67. Qd8+ 1/2-1/2

[Event "57th ch-RUS Qualifier"]
[Site "St Petersburg"]
[Date "2004.05.28"]
[Round "7"]
[White "Kuzmin, Alexey"]
[Black "Kurnosov, Igor"]
[Result "1-0"]
[WhiteElo "2567"]
[BlackElo "2543"]
[PlyCount "99"]
[EventDate "2004.05.01"]
[Source "Roberto Alvarez"]
[SourceDate "2004.05.31"]

1. d4 Nf6 2. c4 g6 3. f3 Nc6 4. e4 e5 5. d5 Nd4 6. Ne2 Bc5 7. Nxd4 Bxd4 8. Nc3 Nh5 9. g3 d6 10. Bd3 c6 11. Bd2 O-O 12. Qe2 cxd5 13. cxd5 Bd7 14. O-O-O b5 15. Bxb5 Rb8 16. Bxd7 Qxd7 17. Kb1 f5 18. Rhf1 Qb7 19. b3 Nf6 20. Rc1 a5 21. Na4 Nd7 22. Bc3 Nc5 23. Nxc5 dxc5 24. Bxa5 fxe4 25. fxe4 Rxf1 26. Qxf1 Rf8 27. Qc4 Rf2 28. Bc3 Qa7 29. a4 Qb8 30. Rc2 Rf3 31. Kb2 Rxc3 32. Rxc3 Qb4 33. d6+ Kf8 34. Kc2 Bxc3 35. Qxc3 Qxe4+ 36. Qd3 Qg2+ 37. Kc3 e4 38. Qe3 Qh1 39. Kc4 Ke8 40. Kxc5 Kd7 41. Kd5 Qd1+ 42. Kxe4 Qc2+ 43. Kd4 Qd1+ 44. Kc3 Qa1+ 45. Kc4 Qf1+ 46. Kb4 Qd1 47. Qe7+ Kc6 48. Qc7+ Kd5 49. d7 Qe1+ 50. Kb5 1-0

[Event "Polska (ch) 85/461"]
[Site "?"]
[Date "2002.??.??"]
[Round "?"]
[White "Macieja, B."]
[Black "Gdanski, J."]
[Result "1/2-1/2"]
[WhiteElo "2584"]
[BlackElo "2523"]
[PlyCount "79"]
[EventDate "2002.??.??"]
[Source "Chess Informant"]
[SourceDate "2002.06.01"]

1. Nf3 Nf6 2. c4 g6 3. b4 Bg7 4. Bb2 O-O 5. e3 d6 6. d4 e5 7. dxe5 Ng4 8. Nc3 Nxe5 9. Nxe5 Bxe5 10. Be2 a5 11. a3 Qh4 12. g3 Qh3 13. Bf1 Qg4 14. Be2 Qh3 15. Bf1 Qg4 16. f3 Qe6 17. Kf2 Re8 18. Qc1 axb4 19. axb4 Rxa1 20. Bxa1 c6 21. Ne4 f5 22. Bxe5 Qxe5 23. Ng5 Nd7 24. h4 Nf6 25. Be2 h6 26. Nh3 Be6 27. Rd1 Bf7 28. Qa3 Nh5 29. f4 Qe4 30. Qc3 Nf6 31. Rxd6 Ng4+ 32. Bxg4 fxg4 33. Ng1 Qh1 34. Qd3 Qh2+ 35. Kf1 Qxg3 36. Rxg6+ Bxg6 37. Qxg6+ Kf8 38. Qf6+ Kg8 39. Qg6+ Kf8 40. Qf6+ 1/2-1/2

[Event "Solingen"]
[Site "Solingen GER"]
[Date "1974.??.??"]
[Round "9"]
[White "Polugaevsky, Lev A"]
[Black "Honfi, Karoly"]
[Result "1-0"]
[WhiteElo "2630"]
[BlackElo "2470"]
[PlyCount "77"]
[EventDate "1974.??.??"]
[Source "www.chesslib.no"]
[SourceDate "2004.05.04"]

1. Nf3 Nf6 2. g3 g6 3. b3 Bg7 4. Bb2 d6 5. d4 O-O 6. Bg2 Nbd7 7. O-O e5 8. dxe5 Ng4 9. c4 dxe5 10. h3 Nh6 11. e4 f6 12. Nc3 Nf7 13. h4 c6 14. h5 Bh6 15. Nh4 Kg7 16. Qe2 Qc7 17. Rad1 Rd8 18. Na4 Nf8 19. Rxd8 Qxd8 20. hxg6 hxg6 21. f4 b6 22. Qf2 Qe7 23. Nc3 Bg4 24. Nd1 Bxd1 25. Rxd1 Rd8 26. Rf1 Ne6 27. Qe2 Qc5+ 28. Kh1 Rh8 29. Qg4 Nf8 30. Bh3 Rh7 31. Kg2 Qa5 32. Rf2 Qe1 33. fxe5 Nxe5 34. Bxe5 fxe5 35. Nf5+ Kg8 36. Nxh6+ Rxh6 37. Qf3 Nh7 38. Qf7+ Kh8 39. Qe8+ 1-0

[Event "Madrid"]
[Site "?"]
[Date "1993.??.??"]
[Round "?"]
[White "Salov, V."]
[Black "San Segundo, P."]
[Result "1-0"]
[WhiteElo "2660"]
[BlackElo "2440"]
[PlyCount "81"]
[EventDate "1993.??.??"]
[Source "ChessBase"]
[SourceDate "1993.06.01"]

1. Nf3 Nf6 2. c4 g6 3. g3 Bg7 4. Bg2 O-O 5. O-O d6 6. d4 Nc6 7. d5 Na5 8. Nbd2 c5 9. e4 Bg4 10. Rb1 a6 11. b3 b5 12. Bb2 Rb8 13. Qc2 e5 14. Bc3 b4 15. Bb2 Qc8 16. Kh1 Bh3 17. Ne1 Nh5 18. Nd3 Bh6 19. Rbe1 Rb7 20. Qd1 f6 21. f4 Bxg2+ 22. Kxg2 Re7 23. f5 Qe8 24. Rf2 Nb7 25. Ref1 a5 26. fxg6 hxg6 27. g4 Nf4+ 28. Nxf4 Bxf4 29. Rxf4 exf4 30. Rxf4 Ref7 31. Qf3 Qe7 32. Nf1 a4 33. Ng3 axb3 34. axb3 Ra8 35. Bxf6 Ra2+ 36. Kg1 Qf8 37. h4 Na5 38. h5 gxh5 39. gxh5 Qc8 40. Nf5 Kh7 41. Qg3 1-0

[Event "IV Open Vila de Sort"]
[Site "Sort SPA"]
[Date "2008.06.28"]
[Round "6"]
[White "Burmakin, Vladimir"]
[Black "Babaev, Rashad"]
[Result "1/2-1/2"]
[WhiteElo "2615"]
[BlackElo "2482"]
[PlyCount "91"]
[EventDate "2008.06.24"]
[Source "www.chesslib.no"]
[SourceDate "2004.05.04"]

1. Nf3 Nf6 2. c4 g6 3. b3 Bg7 4. Bb2 O-O 5. g3 d6 6. d4 c5 7. Bg2 Nc6 8. d5 Na5 9. O-O a6 10. Bc3 e6 11. Qe1 b6 12. dxe6 fxe6 13. e4 e5 14. Bxa5 bxa5 15. Nc3 Bh6 16. Rd1 Qe7 17. Rd3 Bb7 18. Qe2 a4 19. bxa4 Qe6 20. Rb1 Rab8 21. Rdd1 Ba8 22. a3 Nd7 23. Nd5 Nf6 24. Nc3 Nd7 25. a5 Rxb1 26. Rxb1 Rb8 27. Rxb8+ Nxb8 28. Qb2 Qc8 29. Bh3 Qb7 30. Be6+ Kf8 31. Qc2 Nc6 32. Bd5 Qc7 33. Qd1 Bb7 34. Nh4 Kg7 35. Qg4 Bd2 36. Bxc6 Bxc6 37. Nd5 Qd7 38. Nf5+ Kf7 39. Qh4 gxf5 40. Qxh7+ Kf8 41. Qh8+ Kf7 42. Qf6+ Ke8 43. Qg6+ Kd8 44. Qf6+ Ke8 45. Qh8+ Kf7 46. Qf6+ 1/2-1/2

[Event "Open"]
[Site "Cappelle la Grande"]
[Date "2003.02.28"]
[Round "8"]
[White "Teske, Henrik"]
[Black "Areshchenko, Alexander"]
[Result "0-1"]
[WhiteElo "2531"]
[BlackElo "2566"]
[PlyCount "70"]
[EventDate "2003.02.22"]
[Source "Roberto Alvarez"]
[SourceDate "2003.03.03"]

1. Nf3 Nf6 2. c4 g6 3. b3 Bg7 4. Bb2 O-O 5. g3 d6 6. d4 Nc6 7. Bg2 e5 8. dxe5 dxe5 9. Nc3 e4 10. Qxd8 Rxd8 11. Ng5 Bf5 12. g4 Nxg4 13. Bxe4 Bxe4 14. Ngxe4 Nb4 15. Rb1 f5 16. h3 fxe4 17. hxg4 e3 18. fxe3 Nc2+ 19. Kf2 Rf8+ 20. Kg3 Rae8 21. Nd1 Nxe3 22. Bxg7 Kxg7 23. Rb2 Re4 24. Nxe3 Rxe3+ 25. Kh4 h5 26. Rd2 Rf4 27. Rg1 Kf6 28. Rg3 g5+ 29. Kh3 Rxg3+ 30. Kxg3 Rxg4+ 31. Kf3 Rf4+ 32. Ke3 h4 33. Rd8 h3 34. Rh8 Rh4 35. Rf8+ Ke5 0-1